000 00339nam a2200157Ia 4500
008 210210b1952 xxu||||| |||| 00| 0 eng d
041 _aeng
082 _a828/468
100 _aNORMAN (C)
245 _aMr Oddity
260 _aLondon
_bJohn Murray
_c1952
650 _aOddity
650 _aMr
690 _aBiography
906 _a016312
999 _c135801
_d135801